An essay on the dropsy : and its different species. By Donald Monro, M.D. ...

Bibliographic Details
Main Author: Monro, Donald, 1727-1802
Format: eBook
Language:English
Edition:The third edition.
Series:Eighteenth century collections online.
Online Access:Full text online

MARC

Tag First Indicator Second Indicator Subfields
LEADER 00000cam a2200000 4500
001 in00001867607
006 m | d |
007 cr |n||||||||n
008 790922s1765 enk|||| s 00||||eng d
005 20260403182932.0
035 |a (CStRLIN)ESTCT59008 
040 |a Uk-ES  |c Uk-ES  |d Cu-RivES  |d CStRLIN  |d Thomson Gale  |d UtOrBLW 
100 1 |a Monro, Donald,  |d 1727-1802. 
245 1 3 |a An essay on the dropsy :  |b and its different species. By Donald Monro, M.D. ... 
250 |a The third edition. 
264 3 |a London :  |b printed for A. Millar, D. Wilson, and T. Durham; and T. Payne,  |c 1765. 
300 |a xiv,272p. ;  |c 8⁰. 
336 |a text  |b txt  |2 rdacontent 
337 |a computer  |b c  |2 rdamedia 
338 |a online resource  |b cr  |2 rdacarrier 
500 |a With a half-title. 
500 |a Reproduction of original from the British Library. 
510 4 |a English Short Title Catalog,  |c ESTCT59008. 
533 |a Electronic reproduction.  |b Farmington Hills, Mich. :  |c Thomson Gale,  |d 2003.  |n Available via the World Wide Web.  |n Access limited by licensing agreements  |7 s2003 miunns 
500 |a Electronic resource. 
830 0 |a Eighteenth century collections online. 
856 4 0 |u http://proxy.library.tamu.edu/login?url=https://galenet.galegroup.com/servlet/ECCO?c=1&stp=Author&ste=11&af=BN&ae=T059008&tiPG=1&dd=0&dc=flc&docNum=CW108034347&vrsn=1.0&srchtp=a&d4=0.33&n=10&SU=0LRM&locID=txshracd2898  |z Full text online  |t 0 
999 |a MARS 
999 f f |s ed9c1995-fcec-31b8-a4d1-5a87bf0cc89e  |i e5e25592-79cd-3164-a038-ec0f64dd18ef  |t 0 
952 f f |a Texas A&M University  |b College Station  |c Electronic Resources  |s www_evans  |d Available Online  |t 0  |h No information provided 
998 f f |t 0  |l Available Online